Victoires d'étages de Formule 1 - Statistiques

Statistiques générales
  • Ce quiz a été pris 627 fois
  • Le résultat moyen est 13 sur 34
Statistiques - réponses
Hint Réponse % Correct
228 Ferrari
99%
73 Mercedes
99%
182 McLaren
98%
114 Williams
93%
53 Red Bull
92%
- Renault
92%
81 Lotus
75%
- Toro Rosso
59%
10 Alfa Romeo
58%
27 Benetton
54%
35 Brabham
52%
8 Brawn
40%
4 Jordan
39%
- Honda
37%
- Ligier
35%
- Maserati
32%
17 BRM
29%
16 Cooper
27%
23 Tyrrell
27%
1 Porsche
25%
- Stewart
20%
9 Vanwall
20%
- Matra
19%
- BMW Sauber
18%
- March
11%
3 Wolf
10%
- Hesketh
8%
- Penske
8%
- Shadow
8%
- Eagle
5%
5 Kurtis Kraft
4%
- Watson
3%
2 Epperly
2%
- Kuzma
2%
Aucun quiz correspondant
Distribution des résultats
% des personnes avec chaque résultat
Percentile par nombre de réponses
Votre historique - résultats
Vous n’avez pas pris ce quiz